Опыт электрохимической классификации вольтамперных методов; Известия Сибирского отделения АН СССР. Серия химических наук; Т. 272
| Parent link: | Известия Сибирского отделения АН СССР. Серия химических наук.— .— [Б. м.], 1974 Т. 272.— 1974.— С. 85-93 |
|---|---|
| Tác giả chính: | |
| Tóm tắt: | Предложена электрохимическая классификация (К) вольт-амперных методов и их особенностей, основанная на законах логики. В основе К - электрохимические явления на границе электрод-раствор. В качестве основы деления вольт-амперных методов (ВАМ) на классы служат наиболее существенные классификационные признаки, которые влияют на характер явлении, протекающих на этой границе. Рассмотрено 10 классификационных признаков (уровнен), которые объдинены в 4 группы (ступени): особенности воздействия (потенциала, тока), регистрации сигнала; особенности исследуемого вещества; особенности электродов и ячейки; особенности электродного процесса. Деление ВАМ на уровнях представлено для каждой ступени в виде дендрограммы. В результате на I ступени выделено 11 вариантов ВАМ (классов); на II, III и IV ступенях - соответственно 4, 6 и 4 особенностей (классов) ВАМ, а всего 1056 вариантов и особенностей ВАМ. Обсуждается практическое применение К для систематизации опубликованных работ, для планирования научных исследований по ВАМ и другое В фонде НТБ ТПУ отсутствует |
| Ngôn ngữ: | Tiếng Nga |
| Được phát hành: |
1974
|
| Những chủ đề: | |
| Định dạng: | Chương của sách |
| KOHA link: | https://koha.lib.tpu.ru/cgi-bin/koha/opac-detail.pl?biblionumber=595060 |
MARC
| LEADER | 00000naa0a2200000 4500 | ||
|---|---|---|---|
| 001 | 595060 | ||
| 005 | 20250225163706.0 | ||
| 035 | |a (RuTPU)RU\TPU\tpu\13666 | ||
| 090 | |a 595060 | ||
| 100 | |a 20071106d1974 k||y0rusy50 ca | ||
| 101 | 0 | |a rus | |
| 102 | |a RU | ||
| 200 | 1 | |a Опыт электрохимической классификации вольтамперных методов |f А. Г. Стромберг | |
| 330 | |a Предложена электрохимическая классификация (К) вольт-амперных методов и их особенностей, основанная на законах логики. В основе К - электрохимические явления на границе электрод-раствор. В качестве основы деления вольт-амперных методов (ВАМ) на классы служат наиболее существенные классификационные признаки, которые влияют на характер явлении, протекающих на этой границе. Рассмотрено 10 классификационных признаков (уровнен), которые объдинены в 4 группы (ступени): особенности воздействия (потенциала, тока), регистрации сигнала; особенности исследуемого вещества; особенности электродов и ячейки; особенности электродного процесса. Деление ВАМ на уровнях представлено для каждой ступени в виде дендрограммы. В результате на I ступени выделено 11 вариантов ВАМ (классов); на II, III и IV ступенях - соответственно 4, 6 и 4 особенностей (классов) ВАМ, а всего 1056 вариантов и особенностей ВАМ. Обсуждается практическое применение К для систематизации опубликованных работ, для планирования научных исследований по ВАМ и другое | ||
| 333 | |a В фонде НТБ ТПУ отсутствует | ||
| 461 | |t Известия Сибирского отделения АН СССР. Серия химических наук |c [Б. м.] |d 1974 | ||
| 463 | |t Т. 272 |v С. 85-93 |d 1974 | ||
| 610 | 1 | |a труды учёных ТПУ | |
| 700 | 1 | |a Стромберг |b А. Г. |c химик, специалист в области классической полярографии и инверсионной вольтамперометрии |c профессор Томского политехнического института |f 1910-2004 |g Армин Генрихович |3 (RuTPU)RU\TPU\pers\11188 |9 2478 | |
| 801 | 1 | |a RU |b 63413507 |c 20071106 |g PSBO | |
| 801 | 2 | |a RU |b 63413507 |c 20101214 |g RCR | |
| 942 | |c CR | ||